Central Library OPAC University of Rajshahi

Linear transformations in n-dimensional vector space : (Record no. 50523)

MARC details
000 -LEADER
fixed length control field 00801nam a2200241 a 4500
001 - CONTROL NUMBER
control field 50523
003 - CONTROL NUMBER IDENTIFIER
rucl marc code BD-RjUL
005 - DATE AND TIME OF LATEST TRANSACTION
control field 20211209075525.0
008 - FIXED-LENGTH DATA ELEMENTS--GENERAL INFORMATION
fixed length control field 160827r19561951enk b 000 0 eng
035 ## - SYSTEM CONTROL NUMBER
System control number (BD-RjUL)50643
040 ## - CATALOGING SOURCE
Original cataloging agency DLC
Transcribing agency GAT
Modifying agency OCL
-- SER
-- UKM
-- EQO
-- BD-RjUL
Language of cataloging eng
041 ## - LANGUAGE CODE
Language code of text/sound track or separate title eng
082 ## - DEWEY DECIMAL CLASSIFICATION NUMBER
Classification number 511.326
Edition number 23
Author mark and year HAL 1956
100 1# - MAIN ENTRY--PERSONAL NAME
Personal name Hamburger, H. L.
9 (RLIN) 151335
245 10 - TITLE STATEMENT
Title Linear transformations in n-dimensional vector space :
Remainder of title an introduction to the theory of Hilbert space /
Statement of responsibility, etc. by H.L. Hamburger and M.E. Grimshaw.
260 ## - PUBLICATION, DISTRIBUTION, ETC. (IMPRINT)
Place of publication, distribution, etc. Cambridge [Eng.] :
Name of publisher, distributor, etc. University Press,
Date of publication, distribution, etc. 1951 [reprinted 1956]
300 ## - PHYSICAL DESCRIPTION
Pagination vii, 195 p. :
Size 23 cm.
500 ## - GENERAL NOTE
General note Includes Index
650 #0 - SUBJECT ADDED ENTRY--TOPICAL TERM
Topical term or geographic name as entry element Transformations
9 (RLIN) 117658
700 1# - ADDED ENTRY--PERSONAL NAME
Personal name Grimshaw, M. E.
942 ## - ADDED ENTRY ELEMENTS (KOHA)
Source of classification or shelving scheme Dewey Decimal Classification
Koha item type Books
Holdings
Lost status Source of classification or shelving scheme Damaged status Not for loan Collection code Permanent Location Current Location Shelving location Date acquired Source of acquisition Cost, normal purchase price Total Checkouts Full call number Date last seen Copy number Koha item type
  Dewey Decimal Classification     Non-fiction Central Library, University of Rajshahi Central Library, University of Rajshahi   07/12/1962 Zeitlinger 32.00   511.326 HAL 1956 27/08/2016 C-2 Books
  Dewey Decimal Classification     Non-fiction Central Library, University of Rajshahi Central Library, University of Rajshahi   30/01/1961 Proncial books depo, Dacca 24.38   511.326 HAL 1956 24/09/2016 C-3 Books
  Dewey Decimal Classification     Non-fiction Central Library, University of Rajshahi Central Library, University of Rajshahi   30/05/1961 Colombo plan by.Uk Govt 0.00   511.326 HAL 1956 24/09/2016 C-4 Books